[Event "Barcelona Tona op 1st"]
[Site "Barcelona"]
[Date "2011.12.05"]
[Round "2"]
[White "Gutierrez Lazaro, Josep"]
[Black "Triadu Cassa, Jordi"]
[Result "0-1"]
[WhiteElo "1924"]
[BlackElo "2267"]
[PlyCount "75"]
[EventDate "2011.12.05"]
[EventType "swiss"]
[EventRounds "8"]
[EventCountry "ESP"]
[SourceTitle "CBM 145 Extra"]
[Source "ChessBase"]
[SourceDate "2012.01.03"]
[SourceVersion "1"]
[SourceVersionDate "2012.01.03"]
[SourceQuality "1"]

1. b4 d5 2. Bb2 Nf6 3. e3 Bg4 4. Be2 Bxe2 5. Qxe2 c6 6. Nf3 e6 7. a3 Nbd7 8. d3 Be7 9. Nbd2 0-0 10. 0-0 a5 11. c3 b5 12. h3 Nb6 13. Ne5 Qc7 14. f4 Na4 15. Nb3 axb4 16. cxb4 Nd7 17. Rfc1 Nxb2 18. Qxb2 Bf6 19. d4 Bxe5 20. fxe5 Nb6 21. Nd2 Ra4 22. Nb1 Nc4 23. Qb3 Rfa8 24. Rc2 Qe7 25. Rxc4 bxc4 26. Qc3 Qa7 27. Ra2 h6 28. g3 Qe7 29. Rf2 Qg5 30. Kg2 Qg6 31. Qe1 Qe4+ 32. Kh2 Rxa3 33. Nxa3 Rxa3 34. Re2 Rb3 35. Qa1 Rb1 36. Qa8+ Kh7 37. Rg2 Qxe3 38. Qxc6 0-1